[Event "AUT-ch U10 Online Blitz"]
[Site "Playchess.com INT"]
[Date "2020.12.11"]
[Round "4"]
[White "Rosol, Philip"]
[Black "Friedmann, Matthias"]
[Result "1-0"]
[WhiteElo "1822"]
[BlackElo "1732"]
[PlyCount "63"]
[EventDate "2020.12.11"]
[EventType "swiss (blitz)"]
[EventRounds "7"]
[EventCountry "AUT"]
[SourceTitle "EXT 2022"]
[Source "ChessBase"]
[SourceDate "2021.10.06"]
[SourceVersion "1"]
[SourceVersionDate "2021.10.06"]
[SourceQuality "1"]

1. d4 f5 2. Nf3 Nf6 3. g3 d6 4. Bg2 e6 5. 0-0 Be7 6. Nc3 0-0 7. Re1 Qe8 8. e4 fxe4 9. Nxe4 Nc6 10. c3 d5 11. Neg5 Nd8 12. Bh3 Bd6 13. Qe2 Qh5 14. Bxe6+ Bxe6 15. Nxe6 Ne4 16. Nxf8 Kxf8 17. Be3 Ne6 18. Nd2 Qxe2 19. Rxe2 Nxd2 20. Bxd2 Re8 21. Rae1 Kf7 22. f4 g6 23. Kg2 Ng7 24. Rxe8 Nxe8 25. Kf3 Nf6 26. Bc1 Ne4 27. c4 c6 28. c5 Bc7 29. b4 Kf6 30. g4 g5 31. fxg5+ Kg6 32. h4 1-0

[Event "AUT-ch U10 Online Blitz"]
[Site "Playchess.com INT"]
[Date "2020.12.11"]
[Round "7"]
[White "Wallinger, Nikolaus"]
[Black "Friedmann, Matthias"]
[Result "1-0"]
[WhiteElo "1825"]
[BlackElo "1698"]
[PlyCount "137"]
[EventDate "2020.12.11"]
[EventType "swiss (blitz)"]
[EventRounds "7"]
[EventCountry "AUT"]
[SourceTitle "EXT 2022"]
[Source "ChessBase"]
[SourceDate "2021.10.06"]
[SourceVersion "1"]
[SourceVersionDate "2021.10.06"]
[SourceQuality "1"]

1. e4 e5 2. Nf3 Nc6 3. d4 exd4 4. Nxd4 Nxd4 5. Qxd4 Nf6 6. Bg5 Be7 7. Bc4 b6 8. Bxf6 Bxf6 9. Qd5 0-0 10. Qxa8 Bxb2 11. c3 Bxa1 12. Qxa7 Qe7 13. f3 Bb2 14. Qa4 Qc5 15. Qb3 Bc1 16. Be2 Qe3 17. Qc2 Ba6 18. Kd1 Bxe2+ 19. Qxe2 Qxe2+ 20. Kxe2 Bf4 21. g3 Be5 22. Rd1 Rd8 23. Rd3 g6 24. Na3 c6 25. Nc4 Bc7 26. Ke3 b5 27. Na3 Bb6+ 28. Ke2 Kf8 29. Nc2 Ke7 30. Nb4 Ra8 31. Rd2 Bc5 32. Nd3 Bb6 33. Ne5 d6 34. Nxc6+ Kd7 35. Ne5+ Ke6 36. Nd3 Ba5 37. Nf4+ Ke5 38. Rd5+ Kf6 39. Rxd6+ Ke7 40. Rd3 Rc8 41. Nd5+ Kf8 42. Kd2 Rc5 43. Nb4 Kg7 44. Nd5 Rc6 45. Ne7 Rc7 46. Nd5 Rc5 47. Nf4 Rc7 48. Ne2 b4 49. cxb4 Bxb4+ 50. Nc3 Ba5 51. Kc2 Kf6 52. Kb2 Rb7+ 53. Ka1 Rc7 54. Nd5+ Kg7 55. Nxc7 Bxc7 56. Kb2 Be5+ 57. Kb3 Kf6 58. f4 Bc7 59. e5+ Ke6 60. Kc4 Bb6 61. Kb5 Bg1 62. h3 Bh2 63. a4 Bg1 64. a5 Ba7 65. Ka6 Bb8 66. Kb7 Bxe5 67. fxe5 Kxe5 68. a6 Ke4 69. Ra3 1-0